000
00262nam a2200097Ia 4500
001
683045
005
20250826161430.0
008
250824s9999 xx 000 0 und d
245
0
_a
ALLAH KULLARIYLA NASIL KONUŞUR
_c
HEKİMOĞLU İSMAİL
260
_b
TİMAŞ YAYINLARI
999
_c
683045
_d
683045